000
00247nam a2200097Ia 4500
001
734200
005
20250826163829.0
008
250824s9999 xx 000 0 und d
245
0
_a
TEŞKİLAT_I MAHSUSA OPERASYON
_c
MEHMET IŞIK
260
_b
YEDİVEREN
999
_c
734200
_d
734200